| 000 | 00884 a2200301 4500 | ||
|---|---|---|---|
| 999 |
_c200128972 _d32167 |
||
| 001 | 200128972 | ||
| 003 | TR-AnTOB | ||
| 005 | 20231129143623.0 | ||
| 008 | 130412s1997 tu 000 0 | ||
| 020 | _a9758106279 | ||
| 040 |
_aTR-AnTOB _cTR-AnTOB |
||
| 041 | _atur | ||
| 050 |
_aPL248 _b.G49 1997 |
||
| 090 | _aPL248 .G49 1997 | ||
| 100 |
_aGezen, Müjdat _987915 |
||
| 245 | 1 | 0 |
_aBabam / _cMüjdat Gezen. |
| 264 | 1 |
_aİstanbul: _bMitos Boyut, _c1997 |
|
| 300 |
_a32 s.; _c18 cm. |
||
| 336 |
_2rdacontent _atext _btxt |
||
| 337 |
_2rdamedia _aunmediated _bn |
||
| 338 |
_2rdacarrier _avolume _bnc |
||
| 490 | 0 |
_aMitos Boyut Yayınları Tiyatro Oyun Dizisi ; _v81 |
|
| 590 | _aT.C. Kültür ve Turizm Bakanlığı bağışıdır | ||
| 650 | 0 | 0 |
_aTurkish drama _920618 |
| 650 | 0 |
_aTürk draması _xTarih ve eleştiri _y20. yüzyıl _926657 |
|
| 942 |
_cBK _2lcc |
||